Women Warriors in Indian History/ (Record no. 206156)

MARC details
000 -LEADER
fixed length control field 00560nam a2200193 4500
005 - DATE AND TIME OF LATEST TRANSACTION
control field 20241007170850.0
010 ## - LCCN (DPL NO)
LC control number ENG-141939
020 ## - INTERNATIONAL STANDARD BOOK NUMBER
International Standard Book Number 9788129145222
Terms of availability 195.00
035 ## - SYSTEM CONTROL NUMBER
System control number EN-125471
037 ## - SOURCE OF ACQUISITION
Source of stock number/acquisition DBAD
082 ## - DEWEY DECIMAL CLASSIFICATION NUMBER
Classification number 954
Edition number 1
100 ## - MAIN ENTRY--PERSONAL NAME
Personal name Joshi, Yugal
245 ## - TITLE STATEMENT
Title Women Warriors in Indian History/
Statement of responsibility, etc By Yugal Joshi
250 ## - EDITION STATEMENT
Edition statement 1
260 ## - PUBLICATION, DISTRIBUTION, ETC. (IMPRINT)
Place of publication, distribution, etc New Delhi
Name of publisher, distributor, etc Rupa Publications India Pvt. Ltd.
Date of publication, distribution, etc 2017
270 ## - ADDRESS
Address 7/16,Ansari Road, Daryaganj
City New Delhi
Postal code 110002
300 ## - PHYSICAL DESCRIPTION
Extent x,177p.
Dimensions 20cm(pb)
942 ## - ADDED ENTRY ELEMENTS (KOHA)
Source of classification or shelving scheme Dewey Decimal Classification
Item type English Books
Classification part 954
Call number suffix JOS
Holdings
Withdrawn status Lost status Not for loan Collection code Home library Current library Date acquired Source of acquisition Cost, normal purchase price Full call number Barcode Copy number Cost, replacement price Koha item type
      Non-fiction Vinoba Puri Vinoba Puri 07/10/2024 Delivery of Books Act Division 195.00 954 JOS EN-125471 1 195.00 English Books

© Delhi Public Library
Hit Counter
free hit counter